Electrical machines (Record no. 65922)

000 -LEADER
fixed length control field 00420nam a22001697a 4500
003 - CONTROL NUMBER IDENTIFIER
control field NUST - PNEC
005 - DATE AND TIME OF LATEST TRANSACTION
control field 20170116180931.0
008 - FIXED-LENGTH DATA ELEMENTS--GENERAL INFORMATION
fixed length control field 150905b xxu||||| |||| 00| 0 eng d
020 ## - INTERNATIONAL STANDARD BOOK NUMBER
International Standard Book Number -
040 ## - CATALOGING SOURCE
Transcribing agency LIBRARY
082 ## - DEWEY DECIMAL CLASSIFICATION NUMBER
Classification number 621.3132 SIS
100 ## - MAIN ENTRY--PERSONAL NAME
9 (RLIN) 8277
Personal name Siskind, C. S.
245 ## - TITLE STATEMENT
Title Electrical machines
Statement of responsibility, etc. Charles S. Siskind
250 ## - EDITION STATEMENT
Edition statement 2nd ed.
650 ## - SUBJECT ADDED ENTRY--TOPICAL TERM
9 (RLIN) 8282
Topical term or geographic name entry element Electrical engineering
General subdivision EE
942 ## - ADDED ENTRY ELEMENTS (KOHA)
Source of classification or shelving scheme
Koha item type Book
Holdings
Withdrawn status Lost status Source of classification or shelving scheme Damaged status Not for loan Permanent Location Current Location Shelving location Date acquired Total Checkouts Full call number Barcode Date last seen Price effective from Koha item type Source of acquisition
          Pakistan Navy Engineering College (PNEC) Pakistan Navy Engineering College (PNEC)       621.3132 SIS PNECLIB-008472 09/05/2015 09/05/2015 Book  
          Pakistan Navy Engineering College (PNEC) Pakistan Navy Engineering College (PNEC)       621.3132 SIS PNECLIB-010623 09/07/2015   Book  
          Pakistan Navy Engineering College (PNEC) Pakistan Navy Engineering College (PNEC)       621.3132 SIS PNECLIB-005826 09/14/2015   Book  
          Pakistan Navy Engineering College (PNEC) Pakistan Navy Engineering College (PNEC)       621.3132 SIS PNECLIB-008468 09/14/2015   Book  
          Pakistan Navy Engineering College (PNEC) Pakistan Navy Engineering College (PNEC)       621.3132 SIS PNECLIB-005837 09/14/2015   Book  
          Pakistan Navy Engineering College (PNEC) Pakistan Navy Engineering College (PNEC)   09/23/2015   621.3132 SIS PNECLIB-008474 09/23/2015   Book -
© 2023 Central Library, National University of Sciences and Technology. All Rights Reserved.